Zarathustrayude Vachanangal (Record no. 125305)

MARC details
000 -LEADER
fixed length control field 00424nam a2200133Ia 4500
008 - FIXED-LENGTH DATA ELEMENTS--GENERAL INFORMATION
fixed length control field 211122s9999||||xx |||||||||||||| ||und||
082 ## - DEWEY DECIMAL CLASSIFICATION NUMBER
Classification number 193
Item number NEI-Z
100 ## - MAIN ENTRY--PERSONAL NAME
Personal name Neitzsche, Friedrich
245 #0 - TITLE STATEMENT
Title Zarathustrayude Vachanangal
260 ## - PUBLICATION, DISTRIBUTION, ETC.
Name of publisher, distributor, etc. Mathrubhumi Books
Place of publication, distribution, etc. Kozhikode
630 ## - SUBJECT ADDED ENTRY--UNIFORM TITLE
General subdivision General Stack
650 ## - SUBJECT ADDED ENTRY--TOPICAL TERM
Topical term or geographic name entry element PHILOSOPHY AND PSYCHOLOGY
942 ## - ADDED ENTRY ELEMENTS (KOHA)
Koha item type BOOK
650 ## - SUBJECT ADDED ENTRY--TOPICAL TERM
Form subdivision MODERN WESTERN PHILOSOPHYPHILOSOPHY OF GERMAN AND AUSTRIAMalayalam
Holdings
Withdrawn status Lost status Damaged status Not for loan Home library Current library Date acquired Cost, normal purchase price Total Checkouts Full call number Barcode Shelving location Date last seen Date last checked out Price effective from Koha item type
        SB LIBRARY SB LIBRARY 22/11/2021 275.00 1 193 NEI-Z 00138974 GENERAL STACK 03/12/2024 19/11/2024 22/11/2021 BOOK

Powered by Koha